Petit Atlas historique de l'Antiquité romaine (notice n° 1994769)
[ vue normale ]
| 000 -LEADER | |
|---|---|
| fixed length control field | 01458cam a2200145 4500500 |
| 005 - DATE AND TIME OF LATEST TRANSACTION | |
| control field | 20260329050439.0 |
| 041 ## - LANGUAGE CODE | |
| Language code of text/sound track or separate title | fre |
| 042 ## - AUTHENTICATION CODE | |
| Authentication code | dc |
| 100 10 - MAIN ENTRY--PERSONAL NAME | |
| Personal name | Clavé, Yannick |
| Relator term | author |
| 245 00 - TITLE STATEMENT | |
| Title | Petit Atlas historique de l'Antiquité romaine |
| 260 ## - PUBLICATION, DISTRIBUTION, ETC. | |
| Name of publisher, distributor, etc. | Armand Colin,<br/> |
| Date of publication, distribution, etc. | 2024.<br/> |
| 520 ## - SUMMARY, ETC. | |
| Summary, etc. | Des origines mythiques de Rome à la fin de de l’empire et des rives de la Méditerranée aux frontières du Nord et de l’Asie, ce sont dix siècles et de gigantesques espaces que présente en 42 fiches cet ouvrage. Il dresse le tableau le plus complet de la très longue histoire de l’Antiquité romaine, depuis les origines mythiques de Rome, au VIIIe s. av. J.-C., jusqu’à la bataille de Poitiers en 732 où triomphent les Francs, bâtisseurs d’un royaume occidental sur les ruines de l’Empire. Evénements politiques et administratifs, religieux et culturels, sociaux et économiques, grandes figures du temps sont ici présentés chronologiquement et permettent au lecteur de découvrir et comprendre cette longue période qui a marqué à jamais l’Europe et le monde. Un très important appareil cartographique en bichromie, des documents iconographiques complètent chacune des fiches et donnent à l’étudiant de nouvelles clés de compréhension. |
| 700 10 - ADDED ENTRY--PERSONAL NAME | |
| Personal name | Teyssier, Éric |
| Relator term | author |
| 856 41 - ELECTRONIC LOCATION AND ACCESS | |
| Uniform Resource Identifier | <a href="https://shs.cairn.info/petit-atlas-historique-de-l-antiquite-romaine-2e-ed--9782200639235?lang=fr&redirect-ssocas=7080">https://shs.cairn.info/petit-atlas-historique-de-l-antiquite-romaine-2e-ed--9782200639235?lang=fr&redirect-ssocas=7080</a> |
Pas d'exemplaire disponible.




Réseaux sociaux